Microstructure of Modified Layer Produced Using Aluminum Oxy-Hydroxide Nanostructured Powders; IOP Conference Series: Materials Science and Engineering; Vol. 125 : Materials Treatment: Current Problems and Solutions

Bibliografiska uppgifter
Parent link:IOP Conference Series: Materials Science and Engineering
Vol. 125 : Materials Treatment: Current Problems and Solutions.— 2016.— [012005, 9 p.]
Institutionell upphovsman: Национальный исследовательский Томский политехнический университет (ТПУ) Юргинский технологический институт (филиал) (ЮТИ) Кафедра сварочного производства (КСП)
Övriga upphovsmän: Kuznetsov M. A. Maksim Aleksandrovich, Shlyakhova G. V., Danilov V. I. Vladimir Ivanovich, Zernin E. A. Evgeny Aleksandrovich, Dementyev S. V.
Sammanfattning:Title screen
The paper provides the results of experimental research into the influence of aluminum oxy-hydroxide nano-structured powders on the microstructure of modified layers. It has been demonstrated aluminum oxy-hydroxide nano-structured powders AlO(OH) applied as modifiers bring about the decrease in dendrite dimensions, support equilibrium microstructure formation, and cause the growth of microhardness.
Режим доступа: по договору с организацией-держателем ресурса
Språk:engelska
Publicerad: 2016
Ämnen:
Länkar:http://dx.doi.org/10.1088/1757-899X/125/1/012005
http://earchive.tpu.ru/handle/11683/33930
Materialtyp: Elektronisk Bokavsnitt
KOHA link:https://koha.lib.tpu.ru/cgi-bin/koha/opac-detail.pl?biblionumber=648111

MARC

LEADER 00000nla2a2200000 4500
001 648111
005 20240116142038.0
035 |a (RuTPU)RU\TPU\network\13268 
035 |a RU\TPU\network\13265 
090 |a 648111 
100 |a 20160510a2016 k y0engy50 ba 
101 0 |a eng 
105 |a y z 100zy 
135 |a drcn ---uucaa 
181 0 |a i  
182 0 |a b 
200 1 |a Microstructure of Modified Layer Produced Using Aluminum Oxy-Hydroxide Nanostructured Powders  |f M. A. Kuznetsov [et al.] 
203 |a Text  |c electronic 
300 |a Title screen 
320 |a [References: 14 tit.] 
330 |a The paper provides the results of experimental research into the influence of aluminum oxy-hydroxide nano-structured powders on the microstructure of modified layers. It has been demonstrated aluminum oxy-hydroxide nano-structured powders AlO(OH) applied as modifiers bring about the decrease in dendrite dimensions, support equilibrium microstructure formation, and cause the growth of microhardness. 
333 |a Режим доступа: по договору с организацией-держателем ресурса 
461 0 |0 (RuTPU)RU\TPU\network\2008  |t IOP Conference Series: Materials Science and Engineering 
463 0 |0 (RuTPU)RU\TPU\network\13251  |t Vol. 125 : Materials Treatment: Current Problems and Solutions  |o All-Russia Scientific and Practical Conference, 26–28 November 2015, Yurga, Russia  |o [proceedings]  |v [012005, 9 p.]  |d 2016 
610 1 |a электронный ресурс 
610 1 |a труды учёных ТПУ 
610 1 |a микроструктуры 
610 1 |a модифицированные слои 
610 1 |a алюминиевые порошки 
610 1 |a наноструктурные порошки 
610 1 |a наноструктурные порошки 
610 1 |a модификаторы 
610 1 |a микротвердость 
701 1 |a Kuznetsov  |b M. A.  |c specialist in the field of welding production  |c Associate Professor of the Yurga Technological Institute (branch) of Tomsk Polytechnic University, Candidate of Technical Sciences  |f 1985-  |g Maksim Aleksandrovich  |3 (RuTPU)RU\TPU\pers\34486  |9 17869 
701 1 |a Shlyakhova  |b G. V. 
701 1 |a Danilov  |b V. I.  |c physicist  |c Professor of Yurga technological Institute of Tomsk Polytechnic University, Doctor of physical and mathematical sciences  |f 1947  |g Vladimir Ivanovich  |3 (RuTPU)RU\TPU\pers\34726  |9 18076 
701 1 |a Zernin  |b E. A.  |c Specialist in the field of welding production  |c Head of the Department of Yurga technological Institute of Tomsk Polytechnic University, Candidate of technical sciences  |f 1977-  |g Evgeny Aleksandrovich  |3 (RuTPU)RU\TPU\pers\34485  |9 17868 
701 1 |a Dementyev  |b S. V. 
712 0 2 |a Национальный исследовательский Томский политехнический университет (ТПУ)  |b Юргинский технологический институт (филиал) (ЮТИ)  |b Кафедра сварочного производства (КСП)  |3 (RuTPU)RU\TPU\col\18891 
801 2 |a RU  |b 63413507  |c 20161125  |g RCR 
856 4 |u http://dx.doi.org/10.1088/1757-899X/125/1/012005 
856 4 |u http://earchive.tpu.ru/handle/11683/33930 
942 |c CF